[Event "Florianopolis op 10th"]
[Site "Florianopolis"]
[Date "2024.01.26"]
[Round "8"]
[White "Dias, Matheus Nunes"]
[Black "Da Silva, Eduardo Batista Q"]
[Result "1/2-1/2"]
[WhiteElo "1684"]
[BlackElo "1905"]
[PlyCount "92"]
[EventDate "2024.01.20"]
[EventType "swiss"]
[EventRounds "10"]
[EventCountry "BRA"]
[SourceTitle "CB05_2024"]
[SourceDate "2024.01.31"]
[SourceVersion "1"]
[SourceVersionDate "2024.01.31"]
[SourceQuality "1"]

1. d4 Nf6 2. c4 g6 3. Nc3 Bg7 4. e4 d6 5. Nf3 0-0 6. Be2 e5 7. 0-0 Nc6 8. d5 Ne7 9. b4 a5 10. bxa5 c5 11. dxc6 bxc6 12. Bg5 Rxa5 13. Qd2 Ra7 14. a4 Ne8 15. Rfb1 f6 16. Be3 Rb7 17. a5 Rxb1+ 18. Nxb1 Be6 19. a6 Qa8 20. Bb6 Nc8 21. Qb4 Rf7 22. c5 Bf8 23. Bc4 dxc5 24. Bxc5 Bxc5 25. Qxc5 Bxc4 26. Qxc4 Kg7 27. Nc3 Nc7 28. Nd2 Rd7 29. Nb3 Na7 30. Qc5 Nab5 31. Rd1 Rxd1+ 32. Nxd1 Qd8 33. Ne3 Nxa6 34. Qxc6 Nac7 35. Nd5 Nxd5 36. exd5 Nd4 37. Qb7+ Kh6 38. h3 Ne2+ 39. Kh2 Nc3 40. Qc6 Nxd5 41. Nc5 Nc7 42. Ne4 Kg7 43. Nxf6 Qxf6 44. Qxc7+ Kg8 45. Qc8+ Kg7 46. Qd7+ Kg8 1/2-1/2

[Event "Florianopolis op 10th"]
[Site "Florianopolis"]
[Date "2024.01.22"]
[Round "4"]
[White "Gomes, Marco Tulio Caldeir"]
[Black "Da Silva, Eduardo Batista Q"]
[Result "0-1"]
[WhiteElo "1637"]
[BlackElo "1905"]
[PlyCount "86"]
[EventDate "2024.01.20"]
[EventType "swiss"]
[EventRounds "10"]
[EventCountry "BRA"]
[SourceTitle "CB05_2024"]
[SourceDate "2024.01.31"]
[SourceVersion "1"]
[SourceVersionDate "2024.01.31"]
[SourceQuality "1"]

1. c4 Nf6 2. Nc3 g6 3. e4 d6 4. g3 Bg7 5. Bg2 0-0 6. Nge2 Nc6 7. 0-0 e5 8. h3 Be6 9. d3 Qd7 10. Kh2 Rab8 11. f4 Ne8 12. g4 f5 13. exf5 gxf5 14. g5 Ne7 15. Be3 a6 16. a4 Ng6 17. Qd2 Qd8 18. Nd5 c6 19. Bb6 Qc8 20. Rac1 Bf7 21. Ndc3 Nc7 22. Be3 Be8 23. Kg3 Ne6 24. Nd5 Qd8 25. Bb6 exf4+ 26. Kh2 Qxg5 27. Ndxf4 Nexf4 28. Nxf4 Nxf4 29. Be3 Qxg2+ 30. Qxg2 Nxg2 31. Kxg2 c5 32. b3 Kh8 33. Bf4 Be5 34. Rce1 Bc6+ 35. Kh2 Bxf4+ 36. Rxf4 Rg8 37. Re2 Rbe8 38. Ref2 Re3 39. d4 cxd4 40. Rxd4 Reg3 41. Rdd2 Rxb3 42. Rxd6 Rbg3 43. Rdd2 f4 0-1

[Event "Lagoas op 4th"]
[Site "Lagoas"]
[Date "2019.09.28"]
[Round "2"]
[White "Da Silva, Eduardo Batista Q"]
[Black "Delgado Ramirez, Neuris"]
[Result "0-1"]
[WhiteElo "1906"]
[BlackElo "2615"]
[PlyCount "48"]
[EventDate "2019.09.27"]
[EventType "swiss"]
[EventRounds "5"]
[EventCountry "BRA"]
[SourceTitle "EXT 2020"]
[Source "ChessBase"]
[SourceDate "2019.10.17"]
[SourceVersion "1"]
[SourceVersionDate "2019.10.17"]
[SourceQuality "1"]

1. d4 Nf6 2. c4 e6 3. Nf3 c5 4. d5 b5 5. Bg5 exd5 6. cxd5 Qa5+ 7. Bd2 Qb6 8. e4 c4 9. Bc3 Bc5 10. Bd4 Nxe4 11. Qe2 f5 12. Bxc5 Qxc5 13. Nc3 0-0 14. Nxe4 fxe4 15. Qxe4 Qb4+ 16. Nd2 Qxb2 17. Rb1 Qf6 18. Nf3 a6 19. Be2 d6 20. Rc1 Bf5 21. Qe3 Nd7 22. 0-0 Rae8 23. Qd2 Nc5 24. Rfd1 c3 0-1

[Event "BRA-ch Amateur U2200"]
[Site "Sao Paulo"]
[Date "2018.06.01"]
[Round "4"]
[White "Da Silva, Eduardo Batista Q"]
[Black "De Souza Monteiro, Marcos Paulo"]
[Result "1/2-1/2"]
[WhiteElo "1906"]
[BlackElo "1928"]
[PlyCount "75"]
[EventDate "2018.05.31"]
[EventType "swiss"]
[EventRounds "7"]
[EventCountry "BRA"]
[SourceTitle "EXT 2019"]
[Source "ChessBase"]
[SourceDate "2018.10.10"]
[SourceVersion "1"]
[SourceVersionDate "2018.10.10"]
[SourceQuality "1"]

1. d4 d6 2. c4 g6 3. g3 Bg7 4. Bg2 Nf6 5. Nf3 0-0 6. 0-0 Nbd7 7. Nc3 Rb8 8. e4 c5 9. d5 a6 10. a4 Ng4 11. h3 Nge5 12. Nxe5 Nxe5 13. Qe2 Qb6 14. f4 Nd7 15. Kh2 Qb4 16. Bd2 Nb6 17. a5 Nxc4 18. Ra4 Nxd2 19. Rxb4 Nxf1+ 20. Bxf1 cxb4 21. Na4 Bd7 22. Nb6 Bb5 23. Qe1 Bxf1 24. Qxf1 Bxb2 25. Qc4 Bc3 26. Qd3 Rbc8 27. Qc2 Rc5 28. Qa4 Rb5 29. Nc4 Rc8 30. Qb3 Rxc4 31. Qxc4 Rxa5 32. Qc8+ Kg7 33. Qxb7 Ra2+ 34. Kh1 Rc2 35. Qxa6 Rc1+ 36. Kg2 b3 37. Qc4 Bf6 38. Qxb3 1/2-1/2

[Event "Cuiaba Contaud op"]
[Site "Cuiaba"]
[Date "2017.07.30"]
[Round "5"]
[White "Da Silva, Eduardo Batista Q"]
[Black "Carmo, Jose Arlindo"]
[Result "1-0"]
[WhiteElo "1895"]
[BlackElo "1691"]
[PlyCount "85"]
[EventDate "2017.07.28"]
[EventType "swiss"]
[EventRounds "6"]
[EventCountry "BRA"]
[SourceTitle "EXT 2018"]
[Source "ChessBase"]
[SourceDate "2017.10.13"]
[SourceVersion "1"]
[SourceVersionDate "2017.10.13"]
[SourceQuality "1"]

1. d4 f5 2. g3 Nf6 3. Bg2 c6 4. Nf3 g6 5. 0-0 Bg7 6. b3 0-0 7. Bb2 d6 8. c4 d5 9. Nbd2 h6 10. Qc2 Be6 11. Rac1 Na6 12. a3 Rc8 13. c5 Kh7 14. Ne5 Nd7 15. Nxd7 Qxd7 16. e3 Nb8 17. f4 Qe8 18. Nf3 Nd7 19. b4 a6 20. a4 Qd8 21. Bc3 Nf6 22. Rb1 Ng4 23. Bd2 Nf6 24. b5 axb5 25. axb5 Ra8 26. bxc6 bxc6 27. Rb6 Qc7 28. Ne5 Bd7 29. Rfb1 Rfb8 30. Qb2 Rxb6 31. Qxb6 Qxb6 32. cxb6 Be8 33. b7 Rb8 34. Ba5 Ng4 35. Bc7 Rxb7 36. Rxb7 Nxe3 37. Rb8 Bxe5 38. Bxe5 Kg8 39. Rxe8+ Kf7 40. Rc8 g5 41. Rxc6 e6 42. Rc7+ Kg6 43. Re7 1-0

[Event "Sao Paulo op-A U2300 4th"]
[Site "Sao Paulo"]
[Date "2016.03.26"]
[Round "5"]
[White "Da Silva, Eduardo Batista Q"]
[Black "Awoki, Daniel Teidi"]
[Result "0-1"]
[WhiteElo "1890"]
[BlackElo "2111"]
[PlyCount "124"]
[EventDate "2016.03.24"]
[EventType "swiss"]
[EventRounds "7"]
[EventCountry "BRA"]
[SourceTitle "CBM 171 Extra"]
[Source "ChessBase"]
[SourceDate "2016.04.26"]
[SourceVersion "1"]
[SourceVersionDate "2016.04.26"]
[SourceQuality "1"]

1. d4 Nf6 2. c4 e6 3. Nf3 b6 4. g3 Bb7 5. Bg2 c5 6. d5 exd5 7. Nh4 g6 8. Nc3 Bg7 9. 0-0 0-0 10. cxd5 d6 11. e4 a6 12. a4 Nbd7 13. f4 Re8 14. Re1 Qb8 15. h3 b5 16. axb5 axb5 17. Rxa8 Bxa8 18. g4 b4 19. Na4 h6 20. g5 hxg5 21. fxg5 Nh7 22. Nf3 Ne5 23. Nxe5 Bxe5 24. b3 Qd8 25. Qg4 Bb7 26. h4 Bc8 27. Qf3 Bd7 28. Nb2 Qc8 29. Nc4 Bg4 30. Qf2 Bd4 31. Be3 Bxe3 32. Nxe3 Bh3 33. Nc4 Rd8 34. Rf1 Bxg2 35. Qxg2 Qc7 36. Qf3 Qe7 37. Qf4 Kg7 38. Qg4 f6 39. gxf6+ Nxf6 40. Qg5 Rh8 41. Nxd6 Qxd6 42. e5 Ne4 43. exd6 Nxg5 44. hxg5 Rh5 45. Rd1 Rxg5+ 46. Kf2 Kf7 47. Kf3 Ke8 48. Kf4 Rh5 49. Rg1 Rxd5 50. Rxg6 Kd7 51. Ke4 Rxd6 52. Rg1 Kc6 53. Rc1 Rd2 54. Rb1 Kb5 55. Ke3 Rh2 56. Kd3 Rh3+ 57. Kc2 Rh2+ 58. Kd3 Rg2 59. Rh1 Rb2 60. Rh8 Rxb3+ 61. Kc2 Rg3 62. Rb8+ Kc4 0-1

[Event "Sao Paulo op-A U2300 4th"]
[Site "Sao Paulo"]
[Date "2016.03.25"]
[Round "3"]
[White "Da Silva, Eduardo Batista Q"]
[Black "Menna Barreto, Felipe Kubiaki"]
[Result "0-1"]
[WhiteElo "1890"]
[BlackElo "2282"]
[PlyCount "56"]
[EventDate "2016.03.24"]
[EventType "swiss"]
[EventRounds "7"]
[EventCountry "BRA"]
[SourceTitle "CBM 171 Extra"]
[Source "ChessBase"]
[SourceDate "2016.04.26"]
[SourceVersion "1"]
[SourceVersionDate "2016.04.26"]
[SourceQuality "1"]

1. d4 Nf6 2. c4 e6 3. Nf3 d5 4. Nc3 Nbd7 5. Bg5 h6 6. Bh4 dxc4 7. e3 a6 8. Bxc4 b5 9. Be2 Bb7 10. 0-0 Be7 11. Rc1 0-0 12. a3 c5 13. dxc5 Nxc5 14. b4 Ncd7 15. Qb3 Qb6 16. Rfd1 Rfd8 17. h3 Rac8 18. Bg3 Nd5 19. Nxd5 Bxd5 20. Qb1 Qb7 21. Rxc8 Rxc8 22. Rc1 Rxc1+ 23. Qxc1 Nb6 24. Ne1 Bf6 25. Bf3 Nc4 26. Be2 Bb2 27. Qc2 Bxa3 28. Bxc4 bxc4 0-1

[Event "Campo Grande Brasil op"]
[Site "Campo Grande"]
[Date "2015.10.12"]
[Round "7"]
[White "Orondjian, Ivan"]
[Black "Da Silva, Eduardo Batista Q"]
[Result "0-1"]
[WhiteElo "1800"]
[BlackElo "1888"]
[PlyCount "68"]
[EventDate "2015.10.09"]
[EventType "swiss"]
[EventRounds "7"]
[EventCountry "BRA"]
[SourceTitle "CBM 168 Extra"]
[Source "ChessBase"]
[SourceDate "2015.10.29"]
[SourceVersion "1"]
[SourceVersionDate "2015.10.29"]
[SourceQuality "1"]

1. e4 e6 2. Nf3 d5 3. exd5 exd5 4. d4 Bd6 5. Be3 Ne7 6. c4 c6 7. c5 Bc7 8. Bd3 Bf5 9. b4 0-0 10. Nc3 Re8 11. 0-0 Nd7 12. Qd2 Nf8 13. b5 Nfg6 14. Bg5 f6 15. Be3 Qd7 16. Bxf5 Nxf5 17. bxc6 bxc6 18. Ne2 Nxe3 19. fxe3 Qe7 20. Nf4 Qxe3+ 21. Qxe3 Rxe3 22. Nxg6 hxg6 23. Rab1 g5 24. Rb3 Rxb3 25. axb3 Rb8 26. Rb1 a5 27. Nd2 Bf4 28. Nf3 g4 29. g3 Be3+ 30. Kg2 gxf3+ 31. Kxf3 Bxd4 32. Ke2 Bxc5 33. Kd3 a4 34. Kc2 Rxb3 0-1

[Event "Ribeirao Preto Batatais op"]
[Site "Ribeirao Preto"]
[Date "2015.02.28"]
[Round "1"]
[White "Da Silva, Eduardo Batista Q"]
[Black "Oliveira, Rafael Monteiro De"]
[Result "1-0"]
[WhiteElo "1928"]
[BlackElo "1481"]
[PlyCount "79"]
[EventDate "2015.02.28"]
[EventType "swiss"]
[EventRounds "5"]
[EventCountry "BRA"]
[SourceTitle "CBM 165 Extra"]
[Source "ChessBase"]
[SourceDate "2015.04.21"]
[SourceVersion "1"]
[SourceVersionDate "2015.04.21"]
[SourceQuality "1"]

1. d4 Nf6 2. c4 g6 3. Nc3 Bg7 4. g3 d5 5. Bg2 c6 6. cxd5 cxd5 7. Nf3 0-0 8. Ne5 Nc6 9. 0-0 e6 10. f4 Nd7 11. b3 Qb6 12. e3 Ne7 13. Na4 Qc7 14. Ba3 Nxe5 15. fxe5 b5 16. Nc5 a5 17. Rc1 Qa7 18. h4 b4 19. Bb2 h5 20. Bh3 Bh6 21. Rf3 Bd7 22. Kh2 a4 23. Qd2 axb3 24. axb3 Nc6 25. Qf2 Be8 26. Nxe6 fxe6 27. Rxf8+ Bxf8 28. Bxe6+ Bf7 29. Qxf7+ Qxf7 30. Bxf7+ Kxf7 31. Rxc6 Ra2 32. Rc2 Ke6 33. Kg2 Kf5 34. Kf3 Bh6 35. Rc6 Bg7 36. Bc1 Ra8 37. Bd2 Rb8 38. Rd6 Rb5 39. Rd7 Bh6 40. Rh7 1-0

[Event "Sao Paulo op-B 2nd"]
[Site "Sao Paulo"]
[Date "2015.02.08"]
[Round "5"]
[White "Federzoni, Enzo"]
[Black "Da Silva, Eduardo Batista Q"]
[Result "0-1"]
[WhiteElo "1658"]
[BlackElo "1928"]
[PlyCount "62"]
[EventDate "2015.02.05"]
[EventType "swiss"]
[EventRounds "6"]
[EventCountry "BRA"]
[SourceTitle "CBM 164 Extra"]
[Source "ChessBase"]
[SourceDate "2015.03.02"]
[SourceVersion "1"]
[SourceVersionDate "2015.03.02"]
[SourceQuality "1"]

1. e4 e6 2. d4 d5 3. exd5 exd5 4. c4 Nf6 5. Nc3 Bb4 6. a3 Bxc3+ 7. bxc3 0-0 8. Bd3 Re8+ 9. Ne2 Be6 10. cxd5 Bxd5 11. 0-0 b6 12. Re1 h6 13. Bf4 Bb7 14. Qc2 Nc6 15. Rad1 Nh5 16. Qd2 Nxf4 17. Qxf4 Qe7 18. Qf5 g6 19. Qh3 Kg7 20. Qg3 Rad8 21. Kf1 Qxa3 22. Nf4 Ba6 23. c4 Qd6 24. d5 Ne5 25. Ne6+ fxe6 26. Rxe5 exd5 27. Rde1 Rxe5 28. Rxe5 Bxc4 29. Bxc4 dxc4 30. Qc3 Kh7 31. g3 Qd3+ 0-1

[Event "Sao Paulo op-B 2nd"]
[Site "Sao Paulo"]
[Date "2015.02.07"]
[Round "3"]
[White "Da Silva, Eduardo Batista Q"]
[Black "Rodrigues, Regis Ramos"]
[Result "0-1"]
[WhiteElo "1928"]
[BlackElo "2028"]
[PlyCount "64"]
[EventDate "2015.02.05"]
[EventType "swiss"]
[EventRounds "6"]
[EventCountry "BRA"]
[SourceTitle "CBM 164 Extra"]
[Source "ChessBase"]
[SourceDate "2015.03.02"]
[SourceVersion "1"]
[SourceVersionDate "2015.03.02"]
[SourceQuality "1"]

1. d4 Nf6 2. c4 g6 3. g3 Bg7 4. Bg2 0-0 5. Nf3 c6 6. 0-0 d5 7. cxd5 cxd5 8. Ne5 Nc6 9. f4 Qb6 10. e3 Bf5 11. Nc3 Rfd8 12. h3 h5 13. Kh2 Qa6 14. Bf3 Nxe5 15. fxe5 Ne4 16. Nxe4 dxe4 17. Be2 Qb6 18. Bxh5 Bxe5 19. Qe1 Bf6 20. Be2 Rac8 21. g4 Be6 22. Bd1 Kg7 23. Kg2 Rh8 24. b3 Bh4 25. Qe2 Qd6 26. Kh1 Bg5 27. Qg2 Rh7 28. Qh2 Rxh3 29. Qxh3 Rh8 30. Qxh8+ Kxh8 31. Kg2 Bh4 32. Rh1 Qg3+ 0-1

[Event "Maringa op 4th"]
[Site "Maringa"]
[Date "2014.08.23"]
[Round "7"]
[White "Da Silva, Eduardo Batista Q"]
[Black "Yano, William Jorge Froes"]
[Result "0-1"]
[WhiteElo "1930"]
[BlackElo "2100"]
[PlyCount "64"]
[EventDate "2014.08.20"]
[EventType "swiss"]
[EventRounds "9"]
[EventCountry "BRA"]
[SourceTitle "EXT 2015"]
[Source "ChessBase"]
[SourceDate "2014.11.20"]
[SourceVersion "1"]
[SourceVersionDate "2014.11.20"]
[SourceQuality "1"]

1. d4 Nf6 2. c4 c5 3. d5 e6 4. Nc3 exd5 5. cxd5 d6 6. g3 g6 7. Bg2 Bg7 8. Nf3 0-0 9. 0-0 Na6 10. Nd2 Nc7 11. a4 b6 12. Re1 Rb8 13. h3 a6 14. e4 b5 15. axb5 axb5 16. f4 Re8 17. g4 Bb7 18. Nf1 b4 19. Nb1 Qe7 20. Bd2 Ra8 21. Rxa8 Rxa8 22. Ng3 Nd7 23. Qc2 Nb6 24. b3 Nb5 25. Ne2 Ra1 26. g5 Qd7 27. Bc1 Qc8 28. Rd1 Ba6 29. Bf1 Nd4 30. Nxd4 Bxd4+ 31. Kg2 Bxf1+ 32. Rxf1 Qa6 0-1

[Event "Maringa op 4th"]
[Site "Maringa"]
[Date "2014.08.21"]
[Round "3"]
[White "Souza, Gustavo Horokoski"]
[Black "Da Silva, Eduardo Batista Q"]
[Result "1/2-1/2"]
[WhiteElo "1830"]
[BlackElo "1930"]
[PlyCount "35"]
[EventDate "2014.08.20"]
[EventType "swiss"]
[EventRounds "9"]
[EventCountry "BRA"]
[SourceTitle "EXT 2015"]
[Source "ChessBase"]
[SourceDate "2014.11.20"]
[SourceVersion "1"]
[SourceVersionDate "2014.11.20"]
[SourceQuality "1"]

1. e4 e6 2. d4 d5 3. Nc3 Nf6 4. Bg5 Be7 5. e5 Nfd7 6. Bxe7 Qxe7 7. f4 0-0 8. Nf3 a6 9. Bd3 f6 10. 0-0 c5 11. exf6 Nxf6 12. Qd2 Nc6 13. dxc5 Qxc5+ 14. Kh1 Bd7 15. Na4 Qd6 16. Nb6 Rae8 17. Ng5 g6 18. Rae1 1/2-1/2

[Event "BRA-ch Sul"]
[Site "Paranavai"]
[Date "2013.10.06"]
[Round "6"]
[White "Da Silva, Eduardo Batista Q"]
[Black "Sakada, Marcos Vinicius"]
[Result "1/2-1/2"]
[WhiteElo "1913"]
[BlackElo "1799"]
[PlyCount "57"]
[EventDate "2013.10.04"]
[EventType "swiss"]
[EventRounds "6"]
[EventCountry "BRA"]
[SourceTitle "EXT 2015"]
[Source "ChessBase"]
[SourceDate "2014.11.20"]
[SourceVersion "1"]
[SourceVersionDate "2014.11.20"]
[SourceQuality "1"]

1. d4 g6 2. c4 Bg7 3. Nc3 d6 4. e3 Nd7 5. Nf3 Ngf6 6. g3 0-0 7. Bg2 e5 8. 0-0 Ne8 9. dxe5 dxe5 10. e4 c6 11. Bg5 f6 12. Be3 Qe7 13. Qd2 Nd6 14. b3 Rd8 15. Rad1 Nf7 16. Nh4 Nf8 17. Qc2 Be6 18. Rxd8 Qxd8 19. Rd1 Qe7 20. Rd2 Rd8 21. Qd1 Rxd2 22. Qxd2 Qc7 23. Nf3 b6 24. h4 h5 25. Ne1 Kh7 26. a4 Nh6 27. f3 Nf7 28. Kh2 Qe7 29. Nc2 1/2-1/2

[Event "BRA-ch Sul"]
[Site "Paranavai"]
[Date "2013.10.05"]
[Round "3"]
[White "Martins, Carlos"]
[Black "Da Silva, Eduardo Batista Q"]
[Result "1-0"]
[WhiteElo "2221"]
[BlackElo "1913"]
[PlyCount "49"]
[EventDate "2013.10.04"]
[EventType "swiss"]
[EventRounds "6"]
[EventCountry "BRA"]
[SourceTitle "EXT 2015"]
[Source "ChessBase"]
[SourceDate "2014.11.20"]
[SourceVersion "1"]
[SourceVersionDate "2014.11.20"]
[SourceQuality "1"]

1. f4 e5 2. fxe5 d6 3. exd6 Bxd6 4. Nf3 Nf6 5. e3 0-0 6. Be2 b6 7. 0-0 Bb7 8. Nc3 a6 9. Qe1 Nbd7 10. Nd4 c5 11. Nf5 Bc7 12. Qh4 Ne5 13. d3 Ng6 14. Qh3 Bc8 15. e4 Bxf5 16. Rxf5 Ne7 17. Rxf6 gxf6 18. Bh6 Re8 19. Nd5 Ng6 20. Rf1 Be5 21. c3 Qd6 22. Rf5 Kh8 23. Be3 Rg8 24. Qxh7+ Kxh7 25. Rh5+ 1-0

[Event "Sao Jose do Rio Preto SMEL AC"]
[Site "Sao Jose do Rio Preto"]
[Date "2009.11.22"]
[Round "5.4"]
[White "Shiroma, Silvio Haruo"]
[Black "Da Silva, Eduardo Batista Q"]
[Result "1-0"]
[WhiteElo "2111"]
[BlackElo "1899"]
[PlyCount "53"]
[EventDate "2009.11.20"]
[EventType "swiss"]
[EventRounds "6"]
[EventCountry "BRA"]
[SourceTitle "EXT 2022"]
[Source "ChessBase"]
[SourceDate "2021.10.06"]
[SourceVersion "1"]
[SourceVersionDate "2021.10.06"]
[SourceQuality "1"]

1. e4 e6 2. d4 d5 3. Nd2 c5 4. exd5 exd5 5. Ngf3 a6 6. dxc5 Bxc5 7. Nb3 Ba7 8. Bg5 Nf6 9. Qe2+ Be6 10. Nfd4 Qe7 11. 0-0-0 Nc6 12. f3 0-0 13. g4 Rfe8 14. h4 Rac8 15. Qd2 Ne5 16. h5 Ned7 17. Bf4 Red8 18. g5 Ne8 19. Re1 Bb8 20. Bh3 Nf8 21. g6 Bxf4 22. Qxf4 hxg6 23. Nxe6 Nxe6 24. Bxe6 fxe6 25. hxg6 Nf6 26. Nd4 Qc7 27. Qh4 1-0

[Event "Barrinha Gardengui op"]
[Site "Barrinha"]
[Date "2007.11.17"]
[Round "5.12"]
[White "Fascetti, Angelo de Leon Cult"]
[Black "Da Silva, Eduardo Batista Q"]
[Result "1-0"]
[WhiteElo "2052"]
[BlackElo "1893"]
[PlyCount "83"]
[EventDate "2007.11.15"]
[EventType "swiss"]
[EventRounds "7"]
[EventCountry "BRA"]
[SourceTitle "EXT 2022"]
[Source "ChessBase"]
[SourceDate "2021.10.06"]
[SourceVersion "1"]
[SourceVersionDate "2021.10.06"]
[SourceQuality "1"]

1. d4 Nf6 2. Bg5 e6 3. e4 Be7 4. Nc3 d5 5. e5 Nfd7 6. h4 c5 7. Bxe7 Kxe7 8. dxc5 Nc6 9. Qd2 Nxc5 10. 0-0-0 Qa5 11. Qg5+ Kf8 12. Nf3 Na4 13. Nxa4 Qxa4 14. Kb1 Bd7 15. Qe3 Nb4 16. Qb3 Qxb3 17. axb3 Ke7 18. Bd3 a5 19. c3 Nxd3 20. Rxd3 a4 21. b4 Bb5 22. Rd2 Bc4 23. Nd4 h5 24. Re1 Rh6 25. Nc2 Rhh8 26. Kc1 b5 27. Rd4 Rhd8 28. Kd2 g6 29. Ke3 Rab8 30. Na3 Bb3 31. Rf4 Rdc8 32. Kd2 Rc7 33. Re3 Rd7 34. Ref3 Ke8 35. Rd4 Rc7 36. Rf6 Ba2 37. Rdf4 Bb3 38. f3 Bc4 39. g4 hxg4 40. fxg4 Rd7 41. h5 gxh5 42. gxh5 1-0

[Event "Pedro Moreno Memorial op"]
[Site "Sao Jose de Rio Preto"]
[Date "2007.09.08"]
[Round "3"]
[White "Borges, Leomar Barbero"]
[Black "Da Silva, Eduardo Batista Q"]
[Result "1-0"]
[WhiteElo "2242"]
[BlackElo "1893"]
[PlyCount "57"]
[EventDate "2007.09.07"]
[EventType "swiss"]
[EventRounds "6"]
[EventCountry "BRA"]
[SourceTitle "EXT 2009"]
[Source "ChessBase"]
[SourceDate "2008.11.26"]
[SourceVersion "1"]
[SourceVersionDate "2008.11.26"]
[SourceQuality "1"]

1. c4 e5 2. Nc3 g6 3. d4 Bg7 4. dxe5 Bxe5 5. Nf3 Bg7 6. Bg5 f6 7. Bh4 Ne7 8. e4 0-0 9. Be2 d6 10. Qb3 Kh8 11. Rd1 Nd7 12. 0-0 Nc5 13. Qc2 a5 14. b3 Be6 15. Nd4 Bf7 16. f4 c6 17. f5 g5 18. Bg3 Qc7 19. Nf3 Rad8 20. Kh1 h6 21. a3 Nc8 22. b4 axb4 23. axb4 Na6 24. c5 Qe7 25. Bxa6 bxa6 26. cxd6 Nxd6 27. Nd4 Qb7 28. Na4 Bc4 29. Rfe1 1-0